| 000 | 01065nam a22004337a 4500 | ||
|---|---|---|---|
| 003 | OSt | ||
| 008 | 150515b xxu||||| |||| 00| 0 eng d | ||
| 100 | 1 | _aLindquist, H. L. | |
| 041 | _aeng | ||
| 050 | 0 | 0 | _a383.2135S |
| 245 | 1 | 0 | _aThe Stamp Specialist |
| 246 | 1 | 0 | _aRed Book (Number 8) |
| 260 |
_aNew York, NY _bH. L. Lindquist |
||
| 300 | _a128 pages | ||
| 650 | 0 | _aGeneral | |
| 650 | 0 | _aCanada | |
| 650 | 0 | _aSpanish American War | |
| 650 | 0 | _aPuerto Rico | |
| 650 | 0 | _aChina | |
| 650 | 0 | _aCoffee House Mail | |
| 650 | 0 | _aNews Roomm Mail | |
| 650 | 0 | _aUS Postal System | |
| 650 | 0 | _aMexico | |
| 650 | 0 | _aConfederate states | |
| 650 | 0 | _aPOW Cover | |
| 650 | 0 | _aPostmaster Provisional | |
| 650 | 0 | _aBlockade Covers | |
| 650 | 0 | _aBritish North America | |
| 650 | 0 | _aBNA | |
| 650 | 0 | _aBritish Columbia | |
| 650 | 0 | _aVancouver Island | |
| 650 | 0 | _aNew Brunswick | |
| 650 | 0 | _aNova Scotia | |
| 650 | 0 | _aPrince Edward Island | |
| 650 | 0 | _aEcuador | |
| 650 | 0 | _aForwarded By | |
| 650 | 0 | _aHandstamps | |
| 650 | 0 | _aPostal Markings | |
| 999 |
_c1465 _d1465 |
||